| 000 | 01055nam a2200301 a 4500 | ||
|---|---|---|---|
| 001 | 1077130 | ||
| 003 | OSt | ||
| 005 | 20150601155959.0 | ||
| 008 | 910508s1991 txua b 001 0 eng | ||
| 010 | _a 91150715 | ||
| 020 |
_a0030304075 _z003304075 |
||
| 040 |
_aDLC _cDLC |
||
| 043 | _an-us--- | ||
| 050 | 0 | 0 |
_aLB3051 _b.M4647 1991 |
| 082 | 0 | 0 |
_a370 MEH 1991 _220 |
| 100 | 1 |
_aMehrens, William A. _95112 |
|
| 245 | 1 | 0 |
_aMeasurement and evaluation in education and psychology / _cWilliam A. Mehrens, Irvin J. Lehmann. |
| 250 | _a4th ed. | ||
| 260 |
_aFort Worth : _bHolt, Rinehart and Winston, _cc1991. |
||
| 300 |
_axiv, 592 p. : _bill. ; _c25 cm. |
||
| 504 | _aIncludes bibliographical references (p. 533-573) and indexes. | ||
| 650 | 0 |
_aEducational tests and measurements _zUnited States. _95113 |
|
| 650 | 0 |
_aEducational evaluation _zUnited States. _95114 |
|
| 700 | 1 |
_aLehmann, Irvin J. _95115 |
|
| 906 |
_a7 _bcbc _corignew _d2 _encip _f19 _gy-gencatlg |
||
| 942 |
_2z _cSLOAN |
||
| 999 |
_c1944 _d1944 |
||